Slog Book (Record no. 318860)
[ view plain ]
| 000 -LEADER | |
|---|---|
| fixed length control field | 00377nam a2200145Ia 4500 |
| 008 - FIXED-LENGTH DATA ELEMENTS--GENERAL INFORMATION | |
| fixed length control field | 230718s9999 xx 000 0 und d |
| 041 ## - LANGUAGE CODE | |
| Language code of text/sound track or separate title | eng |
| 082 ## - DEWEY DECIMAL CLASSIFICATION NUMBER | |
| Classification number | 658.403 |
| Item number | DEY |
| 100 ## - MAIN ENTRY--PERSONAL NAME | |
| Personal name | Dey S. |
| 9 (RLIN) | 161810 |
| 245 ## - TITLE STATEMENT | |
| Title | Slog Book |
| Remainder of title | The Gd Pi Workbook |
| 260 ## - PUBLICATION, DISTRIBUTION, ETC. (IMPRINT) | |
| Name of publisher, distributor, etc. | Ims Learning |
| 365 ## - TRADE PRICE | |
| Currency code | Rs. |
| Price amount | 200.00 |
| 700 ## - ADDED ENTRY--PERSONAL NAME | |
| Personal name | Dey S. & Sekhri A. |
| 9 (RLIN) | 189977 |
| 906 ## - LOCAL DATA ELEMENT F, LDF (RLIN) | |
| d | B:26724-Apr-2008 |
| c | IT |
| b | 40 |
| Withdrawn status | Lost status | Damaged status | Not for loan | Home library | Current library | Date acquired | Vendor | Budget Code | Cost, normal purchase price | Bill number | Total Checkouts | Full call number | Barcode | Date last seen | Discount | Cost, replacement price | Bill Date | Koha item type | Original Barcode |
|---|---|---|---|---|---|---|---|---|---|---|---|---|---|---|---|---|---|---|---|
| Cummins College of Engineering for Women Pune | Cummins College of Engineering for Women Pune | 26/06/2008 | Om Book Stall | IT | 160.00 | 267 | 658.403 | CCEP-BK-30067 | 18/07/2023 | 40 | 200.00 | 24/04/2008 | Books | 030067 |